000 01358cam a22003251i 4500
003 SA-RiAUC
005 20250428062409.0
008 250426s1983 ua g b 000 0 ara c
040 _aSA-RiAUC
_bara
_cSA-RiAUC
_erda
082 0 4 _a259.082
_qSA-RiAUC
090 _a259.082
_bا ب ن ت
100 1 _aابن تيمية، أحمد بن عبد الحليم بن عبد السلام،
_d661-728 هجري
_eمؤلف.
245 1 0 _aفتاوى النساء لشيخ الإسلام بن تيمية /
_cإعداد وتحقيق وتعليق إبراهيم محمد الجمل.
250 _aالطبعة الأولى.
264 1 _aالقاهرة :
_bمكتبة القرآن،
_c1983
300 _a320 صفحة ؛
_c24 سم.
336 _aنص
_btxt
_2rdacontent
_3كتاب
337 _aبدون وسيط
_bn
_2rdamedia
338 _aمجلد
_bnc
_2rdacarrier
490 0 _aاخترت لك من التراث
504 _aيشتمل على إرجاعات ببليوجرافية.
590 _aعمر.
650 7 _aالفقه الإسلامي
_2aucsh
650 7 _aالمرأة في الإسلام
_2aucsh
650 7 _aالمرأة المسلمة
_2aucsh
650 7 _aالمرأة (فقه إسلامي)
_2aucsh
700 1 _aالجمل، إبراهيم محمد حسن
_eمحقق.
942 _2ddc
_cBOOK
_n0
949 _aSA-JeALM
_d250426
_umohamedma123
_n1
999 _c7407
_d7407